Figures du christianisme - Statistiques

Statistiques générales
  • Ce quiz a été pris 29 fois
  • Le résultat moyen est 15 sur 20
Statistiques - réponses
Descriptions Personnages % Correct
Personnage central du christianisme, considéré comme le Messie Jésus-Christ
92%
Mère du précédent, souvent appelée la "Vierge" Sainte Marie
92%
Il est le tout premier homme créé par Dieu Adam
88%
Première femme, créée à partir d'une côte du précédent Ève
88%
L'apôtre qui a trahi Jésus pour trente pièces d'argent Judas Iscariote
88%
Il a construit l'arche pour sauver les animaux du Déluge Noé
88%
Roi d'Israël célèbre pour avoir terrassé le géant Goliath David
85%
Il a reçu les Dix Commandements et a ouvert la mer Rouge Moïse
85%
Jeune bergère française qui disait entendre des voix et a délivré Orléans Sainte Jeanne d'Arc
85%
Père adoptif du Messie, il était charpentier Saint Joseph
85%
Les trois visiteurs d'Orient venus adorer Jésus à sa naissance Les Rois mages
81%
Ange qui lui a annoncé la naissance du Messie lors de l'Annonciation Saint Gabriel
81%
Pape polonais au long pontificat (1978-2005), canonisé en 2014 Saint Jean-Paul II
81%
Premier des quatre évangélistes, il était collecteur d'impôts Saint Matthieu
77%
Roi de France du XIIIe siècle, célèbre pour sa piété et sa justice sous un chêne Saint Louis
73%
Religieuse célèbre pour son action auprès des pauvres à Calcutta Sainte Mère Teresa de Calcutta
69%
Roi réputé pour son immense sagesse et la construction du Premier Temple Salomon
65%
Ami de Jésus que ce dernier ressuscite quatre jours après sa mort dans le village de Béthanie Lazare
58%
Reine française, épouse de Clovis, qui l'a poussé à se convertir Sainte Clotilde
50%
Il a survécu après avoir été jeté dans la fosse aux lions Daniel
35%
Aucun quiz correspondant
Distribution des résultats
% des personnes avec chaque résultat
Percentile par nombre de réponses
Votre historique - résultats
Vous n’avez pas pris ce quiz